Estudio de la capacidad en vías urbanas de cuatro carriles en Costa Rica.
محفوظ في:
| المؤلف الرئيسي: | |
|---|---|
| التنسيق: | كتاب |
| منشور في: |
[San José , Costa Rica]
1986
|
| الموضوعات: | |
| الوسوم: |
إضافة وسم
لا توجد وسوم, كن أول من يضع وسما على هذه التسجيلة!
|
MARC
| LEADER | 00000nam a2200000Ia 4500 | ||
|---|---|---|---|
| 003 | 004171 | ||
| 005 | 20221231144353.0 | ||
| 008 | 140114s1986 cr a m 000 ||s d | ||
| 040 | |c cru CEDI | ||
| 090 | |a TFG 1878 | ||
| 100 | |a Sibaja Jiménez, Rodolfo E. |9 14063 | ||
| 245 | |a Estudio de la capacidad en vías urbanas de cuatro carriles en Costa Rica. | ||
| 260 | |c 1986 |a [San José , Costa Rica] | ||
| 300 | |a [357] hojas : ilustraciones ; 28 cm | ||
| 500 | |a Proyecto de graduación (licenciatura en ingeniería civil)-- Universidad de Costa Rica. Facultad de Ingeniería. Escuela de Ingeniería Civil | ||
| 650 | |x CARRETERAS - COSTA RICA |9 14064 | ||
| 942 | |c TFG |2 ddc | ||
| 999 | |c 20861 |d 20861 | ||
